logo

Bir Sreshtho Munshi Abdur Rouf Library
Jhenaidah Cadet College

বাংলাদেশ গণিত অলিম্পিয়াড: (Record no. 11135)

MARC details
000 -LEADER
fixed length control field 00848nam a2200229 a 4500
001 - CONTROL NUMBER
JCCL Control Number 11135
003 - CONTROL NUMBER IDENTIFIER
JCCL marc code BD-JhCC
005 - DATE AND TIME OF LATEST TRANSACTION
control field 20221115134023.0
008 - FIXED-LENGTH DATA ELEMENTS--GENERAL INFORMATION
fixed length control field 190630b20162019bg a|||| ||a| 000 0 ben d
020 ## - INTERNATIONAL STANDARD BOOK NUMBER
International Standard Book Number 9789848794616
035 ## - SYSTEM CONTROL NUMBER
system control number (BD-JhCC)11135
040 ## - CATALOGING SOURCE
Original cataloging agency BD-JhCC
Modifying agency BD-JhCC
041 ## - LANGUAGE CODE
Language code of Book ben
082 ## - DEWEY DECIMAL CLASSIFICATION NUMBER
Classification number 510.76
Author mark and Year BIP 2019
100 ## - MAIN ENTRY--PERSONAL NAME
Personal name বিপ্লব, মোস্তফা কামাল
245 ## - TITLE STATEMENT
Title বাংলাদেশ গণিত অলিম্পিয়াড:
Remainder of title হায়ার সেকেন্ডারি /
Statement of responsibility, etc মোস্তফা কামাল বিপ্লব ।
260 ## - PUBLICATION, DISTRIBUTION, ETC. (IMPRINT)
Place of publication, distribution, etc ঢাকা:
Name of publisher, distributor, etc প্রতীক;
Date of publication, distribution, etc ২০১৯.
300 ## - PHYSICAL DESCRIPTION
Pagination ৩২৭ পৃঃ . :
Other physical details ill;
Dimensions ২২ সেমি.
651 ## - SUBJECT ADDED ENTRY--GEOGRAPHIC NAME
Geographic name Mathematic
Geographic subdivision Mathematics Competition Olympiad
942 ## - ADDED ENTRY ELEMENTS (KOHA)
Source of classification or shelving scheme Dewey Decimal Classification
Koha item type Books
Koha issues (borrowed), all copies 10
Holdings
Source of classification or shelving scheme Damaged status Not for loan Home library Current library Shelving location Date of accession Cost, normal purchase price Total Checkouts Full call number Barcode Checked out Date last seen Date checked out Copy number Koha item type
Dewey Decimal Classification     JCC Rouf Library JCC Rouf Library General Stacks 06/01/2019 175.00 7 510.76 BIP 2019 15003 01/04/2026 12/08/2025 12/08/2025 C-1 Books
Dewey Decimal Classification     JCC Rouf Library JCC Rouf Library General Stacks 06/01/2019 231.00 6 510.76 BIP 2019 15476 03/01/2026 02/03/2026 02/03/2026 C-2 Books

JCC Library | Contacts | JCC Home

Last Update on 23 September 2017
Copyright @ 2017-2020 JCC Rouf Library
Rouf Library, Jhenidah Cadet College (JCC), Bangladesh